000
00335nam a22001457a 4500
008
210312b ||||| |||| 00| 0 eng d
020
_a
9781319020231
041
_a
eng
080
_2
3rd
_a
82
082
_a
82
100
_a
21
101
_a
GJL
245
_a
Emerging Contemporary Readings for Writers
_c
Barrios, B
942
_2
udc
_c
BK
999
_c
56547
_d
56547